000 01053nam a2200313 i 4500
001 000013958
003 DO-SdBNP
005 20230727142627.0
007 ta
008 091202s2006 dr r 001 f spa d
020 _z9993430854
040 _aDO-SdBNP
_bspa
_cBNPHU
_erda
082 4 _aAr863.44
_bZ73M
_222
100 1 _aZimmerman del Castillo, Silvia,
_d1950-
_931623
_eautora
245 1 0 _aManuel y la lluvia /
_cSilvia Zimmerman del Castillo.
264 1 _aSanto Domingo :
_bBanco Central de la República Dominicana,
_c2006.
300 _a244 páginas ;
_c24 cm.
336 _2rdacontent
_atexto
_btxt
337 _2rdamedia
_asin mediación
_bn
338 _2rdacarrier
_avolumen
_bnc
490 1 _aBanco Central de la República Dominicana
_v82
490 1 _aArte y Literatura
_v32
500 _aIncluye datos biográficos del autora en las solapas
590 _aInventariado, 2018/BT
650 4 _aNovela argentina
_93941
650 4 _aLiteratura argentina
_93860
910 _aValidado. Control de calidad. MMOLINA
942 _2ddc
_cLBS1
999 _c13562
_d13562